The Evidence Act (Record no. 4025)
[ view plain ]
| 000 -LEADER | |
|---|---|
| fixed length control field | 00589nam a2200217Ia 4500 |
| 003 - CONTROL NUMBER IDENTIFIER | |
| control field | BUBTL |
| 008 - FIXED-LENGTH DATA ELEMENTS--GENERAL INFORMATION | |
| fixed length control field | 151213s9999 xx 000 0 und d |
| 082 ## - DEWEY DECIMAL CLASSIFICATION NUMBER | |
| Classification number | 347.06/CHE |
| 100 ## - MAIN ENTRY--PERSONAL NAME | |
| Personal name | Chowdhury, Obaidul Huq |
| 9 (RLIN) | 2060 |
| 245 ## - TITLE STATEMENT | |
| Title | The Evidence Act |
| Statement of responsibility, etc. | Obaidul Huq Chowdhury |
| 250 ## - EDITION STATEMENT | |
| Edition statement | 4th |
| 260 ## - PUBLICATION, DISTRIBUTION, ETC. (IMPRINT) | |
| Place of publication, distribution, etc. | Dhaka |
| Name of publisher, distributor, etc. | Esrarul Huq Chawdhury |
| Date of publication, distribution, etc. | c 2004 |
| 300 ## - PHYSICAL DESCRIPTION | |
| Extent | 484 p . : |
| Other physical details | 25 cm. |
| 500 ## - GENERAL NOTE | |
| General note | Includes Index |
| 650 ## - SUBJECT ADDED ENTRY--TOPICAL TERM | |
| Topical term or geographic name as entry element | Law |
| 9 (RLIN) | 3897 |
| 650 ## - SUBJECT ADDED ENTRY--TOPICAL TERM | |
| Topical term or geographic name as entry element | Law |
| 9 (RLIN) | 3897 |
| 700 ## - ADDED ENTRY--PERSONAL NAME | |
| Personal name | Obaidul Huq Chowdhury |
| 9 (RLIN) | 3898 |
| 856 ## - ELECTRONIC LOCATION AND ACCESS | |
| Password | 0 |
| Logon | 0 |
| Link text | Download |
| 942 ## - ADDED ENTRY ELEMENTS (KOHA) | |
| Source of classification or shelving scheme | |
| Koha item type | Books |
| Withdrawn status | Lost status | Source of classification or shelving scheme | Damaged status | Not for loan | Collection code | Permanent location | Current location | Shelving location | Date acquired | Inventory number | Total Checkouts | Full call number | Barcode | Date last seen | Copy number | Price effective from | Koha item type |
|---|---|---|---|---|---|---|---|---|---|---|---|---|---|---|---|---|---|
| Not For Loan | Non-fiction | Bangladesh University of Business and Technology Library | Bangladesh University of Business and Technology Library | Law Stacks | 02/16/2021 | 7666 | 347.06/CHE | BUBTL-20037666 | 02/16/2021 | C-1 | 02/16/2021 | Books | |||||
| Not For Loan | Non-fiction | Bangladesh University of Business and Technology Library | Bangladesh University of Business and Technology Library | Law Stacks | 02/16/2021 | 7667 | 347.06/CHE | BUBTL-20037667 | 02/16/2021 | C-2 | 02/16/2021 | Books | |||||
| Non-fiction | Bangladesh University of Business and Technology Library | Bangladesh University of Business and Technology Library | Law Stacks | 02/16/2021 | 7668 | 347.06/CHE | BUBTL-20037668 | 02/16/2021 | C-3 | 02/16/2021 | Books | ||||||
| Non-fiction | Bangladesh University of Business and Technology Library | Bangladesh University of Business and Technology Library | Law Stacks | 02/16/2021 | 7671 | 347.06/CHE | BUBTL-20037671 | 02/16/2021 | C-4 | 02/16/2021 | Books | ||||||
| Non-fiction | Bangladesh University of Business and Technology Library | Bangladesh University of Business and Technology Library | Law Stacks | 02/16/2021 | 7672 | 347.06/CHE | BUBTL-20037672 | 02/16/2021 | C-5 | 02/16/2021 | Books | ||||||
| Non-fiction | Bangladesh University of Business and Technology Library | Bangladesh University of Business and Technology Library | Law Stacks | 02/16/2021 | 7673 | 347.06/CHE | BUBTL-20037673 | 02/16/2021 | C-6 | 02/16/2021 | Books | ||||||
| Non-fiction | Bangladesh University of Business and Technology Library | Bangladesh University of Business and Technology Library | Law Stacks | 02/16/2021 | 7674 | 347.06/CHE | BUBTL-20037674 | 02/16/2021 | C-7 | 02/16/2021 | Books | ||||||
| Non-fiction | Bangladesh University of Business and Technology Library | Bangladesh University of Business and Technology Library | Law Stacks | 02/16/2021 | 7675 | 347.06/CHE | BUBTL-20037675 | 02/16/2021 | C-8 | 02/16/2021 | Books | ||||||
| Non-fiction | Bangladesh University of Business and Technology Library | Bangladesh University of Business and Technology Library | Law Stacks | 02/16/2021 | 1987 | 347.06/CHE | BUBTL-20031987 | 02/16/2021 | C-9 | 02/16/2021 | Books |
